|
|
|
|
| LEADER |
00000nas a2200000 i 4500 |
| 001 |
ssj0001078651 |
| 003 |
WaSeSS |
| 005 |
20200512172242.0 |
| 006 |
m d |
| 007 |
cr n |
| 008 |
140110c20uu9999ne a| p|s|||||| |0eng d |
| 035 |
|
|
|a (WaSeSS)ssj0001078651
|
| 040 |
|
|
|a WaSeSS
|b eng
|c WaSeSS
|d WaSeSS
|
| 050 |
1 |
4 |
|a P87
|
| 245 |
0 |
0 |
|a Utrecht studies in language and communication
|h [electronic resource].
|
| 260 |
|
|
|a Amsterdam, Netherlands :
|b Editions Rodopi B. V.
|
| 310 |
|
|
|a Annual
|
| 506 |
|
|
|a License restrictions may limit access.
|
| 588 |
|
|
|a Description based on: (21) 2009; title from title screen (ProQuest, viewed Jan. 10, 2014).
|
| 588 |
|
|
|a Latest issue consulted: (25) 2013 (viewed Jan. 10, 2014).
|
| 650 |
|
0 |
|a Communication
|v Periodicals.
|
| 655 |
|
0 |
|a Electronic journals.
|
| 776 |
0 |
8 |
|i Print version:
|t Utrecht studies in language and communication
|x 0927-7706
|
| 856 |
4 |
0 |
|z Full text available from Research Library: 01/01/2009 to 01/31/2016
|u https://search.proquest.com/publication/76034
|